000 00517nam a2200217Ia 4500
003 OSt
005 20220928144953.0
006 a|||||r|||| 00| 0
007 ta
008 220927b |||||||| |||| 00| 0 eng d
024 _a77574
037 _cTextual
040 _aSDCL
_cSDCL
_beng
041 _2eng
_aeng
082 _aQ233, F4
100 _aChatterji J C
_9510772
245 0 _aKashmir Shaivaism.
260 _c1914
942 _hQ233, F4
_cTEXL
_2CC
999 _c830902
_d830902